[Event "TBMM Kupasi Prel 2022"]
[Site "Ankara"]
[Date "2022.03.18"]
[Round "3"]
[White "Ozen, Deniz"]
[Black "Caglar, Sila"]
[Result "1-0"]
[WhiteElo "2397"]
[BlackElo "2200"]
[Annotator "RC"]
[PlyCount "75"]
[EventDate "2022.03.17"]
[EventType "tourn"]
[EventCountry "TUR"]
[SourceTitle "playchess.com"]
[Source "ChessBase"]
[SourceQuality "1"]
[TimeControl "3600+30"]

1. d4 d5 {[%emt 0:01:00]} 2. Nf3 {[%emt 0:00:30]} Nf6 {[%emt 0:00:30]} 3. Bf4 {[%emt 0:00:30]} c5 {[%emt 0:00:00]} 4. e3 {[%emt 0:00:00]} cxd4 {[%emt 0:02:00]} 5. exd4 {[%emt 0:00:00]} Nc6 {[%emt 0:00:30]} 6. c3 {[%emt 0:01:30]} Bf5 {[%emt 0:02:30]} 7. Nbd2 {[%emt 0:02:30]} h6 {[%emt 0:03:30]} 8. Qb3 {[%emt 0:03:30]} Qc8 {[%emt 0:05:30]} 9. Ne5 {[%emt 0:03:30]} g5 {[%emt 0:17:30]} 10. Bg3 {[%emt 0:02:30]} Bg7 {[%emt 0:03:30]} 11. Be2 {[%emt 0:02:30]} O-O {[%emt 0:01:30]} 12. O-O {[%emt 0:02:30]} Nxe5 {[%emt 0:06:30]} 13. Bxe5 {[%emt 0:04:30]} Ne4 {[%emt 0:06:10]} 14. Nxe4 {[%emt 0:02:30]} dxe4 {[%emt 0:00:12]} 15. Bxg7 {[%emt 0:03:30]} Kxg7 {[%emt 0:00:02]} 16. f3 {[%emt 0:03:30]} b6 {[%emt 0:03:30]} 17. fxe4 {[%emt 0:03:30]} Bxe4 {[%emt 0:00:06]} 18. Bf3 {[%emt 0:00:30]} Bxf3 {[%emt 0:03:10]} 19. Rxf3 {[%emt 0:00:30]} Qd7 {[%emt 0:03:19]} 20. Raf1 {[%emt 0:00:30]} e6 {[%emt 0:00:23]} 21. Qd1 {[%emt 0:06:30]} Qd5 {[%emt 0:02:05]} 22. Rf6 {[%emt 0:03:30]} Qd8 {[%emt 0:06:29]} 23. Qf3 {[%emt 0:01:30]} Qe7 {[%emt 0:00:30]} 24. h4 {[%emt 0:01:30]} Rad8 {[%emt 0:00:26]} 25. Qh5 {[%emt 0:04:15]} Qxf6 {[%emt 0:00:47]} 26. Rxf6 {[%emt 0:00:02]} Kxf6 {[%emt 0:00:19]} 27. Qxh6+ {[%emt 0:00:04]} Ke7 {[%emt 0:00:03]} 28. Qxg5+ {[%emt 0:00:19]} f6 {[%emt 0:00:23]} 29. Qf4 {[%emt 0:00:39]} Rg8 {[%emt 0:01:42]} 30. h5 {[%emt 0:04:04]} Rg5 {[%emt 0:00:44]} 31. h6 {[%emt 0:01:09]} e5 {[%emt 0:00:21]} 32. Qe4 {[%emt 0:00:33]} Rh8 {[%emt 0:00:45]} 33. Qb7+ {[%emt 0:01:42]} Ke6 {[%emt 0:00:05]} 34. d5+ {[%emt 0:02:53]} Kf5 {[%emt 0:00:30]} 35. h7 {[%emt 0:00:00]} Kg6 {[%emt 0:00:54]} 36. d6 {[%emt 0:00:02]} Kh6 {[%emt 0:00:32]} 37. d7 {[%emt 0:00:36]} Rg7 {[%emt 0:00:23]} 38. Qc8 {[%emt 0:00:13]} 1-0

[Event "TBMM Kupasi Prel 2022"]
[Site "Ankara"]
[Date "2022.03.18"]
[Round "3"]
[White "Aydin, Gulenay"]
[Black "Can, Isik"]
[Result "0-1"]
[WhiteElo "2069"]
[BlackElo "2426"]
[Annotator "TA"]
[PlyCount "40"]
[EventDate "2022.03.17"]
[EventType "tourn"]
[EventCountry "TUR"]
[SourceTitle "playchess.com"]
[Source "ChessBase"]
[SourceQuality "1"]

{[%evp 13,40,-61,-58,-91,-90,-86,-87,-103,-80,-84,-81,-101,-101,-101,-93,-91,-89,-139,-112,-210,-211,-202,-204,-210,-220,-305,-288,-1643,-1579]} 1. e4 e5 2. Nf3 Nc6 3. Bc4 Bc5 4. O-O Nf6 5. d4 Bxd4 6. Nxd4 Nxd4 7. Bg5 h6 {[%cal Bh7h6,Bh6g5][%mdl 32]} 8. f4 {[%cal Of4e5] C50: Hungarian Defence and Giuoco Pianissimo.} hxg5 9. fxe5 {[#]} Nc6 $1 10. exf6 {[#] Black is better.} gxf6 $146 ({Predecessor:} 10... g6 11. Qd5 Rh7 12. Nd2 d6 13. Qxg5 Ne5 14. Bb3 c6 15. Nf3 Ng4 16. Qd2 Qb6+ {0-1 (44) Leacima,G (1884)-Papakonstantinou,D (2049) Tornelo INT 2021}) 11. Nc3 Ne5 12. Nd5 {[#]} Rh6 ({Much less strong is} 12... Nxc4 13. Qd4 d6 14. Nxf6+ (14. Qxc4 Be6 $16) 14... Kf8 15. Qxc4 $16) 13. Qd4 d6 {[%cal Of6f5]} 14. Ne3 {Inhibits f5.} Be6 15. Bb3 (15. b3 $142) 15... c5 {[%cal Bc7c5,Bc5c4][%mdl 32]} 16. Qd2 (16. Qa4+ $17 Qd7 17. Qa5) 16... c4 $19 17. Ba4+ Ke7 {[%cal Ob7b5] And now ...b5! would win.} 18. c3 Qb6 19. Rf2 Rah8 {The board is on fire.} 20. g3 $2 {[#]} (20. h3) 20... Rxh2 $1 {[%mdl 512] Weighted Error Value: White=0.88/Black=0.02 (flawless)} 0-1

[Event "TBMM Kupasi Prel 2022"]
[Site "Ankara"]
[Date "2022.03.19"]
[Round "4"]
[White "Yilmaz, Mustafa"]
[Black "Ozen, Deniz"]
[Result "1-0"]
[WhiteElo "2627"]
[BlackElo "2397"]
[Annotator "TA"]
[PlyCount "119"]
[EventDate "2022.03.17"]
[EventType "tourn"]
[EventCountry "TUR"]
[SourceTitle "playchess.com"]
[Source "ChessBase"]
[SourceQuality "1"]

{[%evp 20,119,18,-2,26,29,17,36,22,25,33,18,120,28,19,27,58,56,64,52,47,12,38,32,30,12,39,41,50,39,73,66,66,73,88,93,89,89,91,88,139,139,139,139,139,139,139,139,139,139,139,139,139,89,113,102,120,23,109,91,106,8,96,78,95,88,95,110,2593,4596,29950,29950,29942,11816,7254,5057,29967,29970,29983,29984,29985,29986,29986,29987,29987,29988,29988,29986,29990,29986,29986,29987,29987,29986,29986,29987,29985,29979,29979,29980,29976,29968]} 1. d4 d5 2. c4 c6 3. Nf3 {[%cal Bg1f3,Bf3e5,Be5c4,Bc4e3,Be3f5][%mdl 32]} Nf6 4. Nc3 dxc4 5. a4 Bf5 6. Ne5 Nbd7 7. Nxc4 Qc7 8. g3 e5 9. dxe5 Nxe5 10. Bf4 Nfd7 11. Bg2 g5 {The main line 11...g5 scores better than 11...f6. D17: Slav Defence: 5 a4 Bf5: Lines with 6 Nh4 and 6 Ne5.} 12. Ne3 gxf4 13. Nxf5 O-O-O {White is slightly better.} (13... Qb6 14. gxf4 Ng6 15. e3 $16) 14. Qc2 ({Of course not} 14. gxf4 Nc5 15. Qc2 Nc4 $15) 14... fxg3 15. hxg3 Nc5 (15... Bb4 $11 {keeps the balance.}) 16. O-O (16. b4 $16 Na6 17. b5) 16... a5 $11 17. Rad1 Rxd1 18. Rxd1 Ne6 19. Ne4 {White is much more active.} Bb4 {Inhibits Qc3.} 20. Nf6 h5 21. e3 {[#]} Rd8 $146 ({Predecessor:} 21... Nc5 22. Ne8 Qb6 23. Nfd6+ Kb8 24. Qf5 Ncd7 25. Nf6 Nxf6 26. Qxe5 Qc7 27. Bf3 Rh6 28. Nb5 {1-0 (29) Skoberne,J (2560)-Hribar,B (2233) Slovenia 2014}) 22. f4 Nc4 23. Rxd8+ Qxd8 24. Ne4 Nd2 {[#]} 25. Ned6+ $1 Bxd6 26. Qxd2 Bb4 27. Qxd8+ Kxd8 $16 {[%mdl 4096] Endgame KBN-KBN} 28. Bf3 Nc5 29. Bxh5 Nxa4 ({Black should play} 29... f6) 30. b3 ({Stronger than} 30. Bxf7 Nxb2 31. Kg2 c5 $15) 30... Nc3 31. Bxf7 b5 32. g4 $1 {[%cal Bg3g4,Bg4g5,Bg5g6][%mdl 32]} a4 33. bxa4 bxa4 34. g5 a3 35. g6 {Hoping for g7.} Bf8 36. Bb3 (36. g7 $142 Bxg7 37. Nxg7) 36... a2 {[#]} 37. Bxa2 {[%mdl 512]} Nxa2 38. Kf2 (38. g7 $1 $16 {[%cal Rg7f8]} Bxg7 39. Nxg7) 38... Nc3 (38... c5 $1 $11) 39. Kf3 {aiming for g7.} c5 40. e4 ({Better is} 40. g7 $1 $16 {[%cal Rg7f8]} Bxg7 41. Nxg7) 40... Nb5 (40... Kd7 $11 {remains equal.}) 41. g7 $1 Bxg7 42. Nxg7 {Threatens to win with Ne6+. KN-KN} c4 43. Ke3 {Prevents Nd4.} c3 $2 {[%mdl 8192] [#] Black cannot hold the game after this.} (43... Kd7 $16) 44. Nf5 $1 $18 ({Not} 44. Kd3 Nd4 $11) 44... Kd7 45. Kd3 Kc6 46. Ng3 {Intending Ne2 and mate.} Kc5 {[#]} 47. Ne2 $1 {And now e5 would win.} Kb4 48. e5 {White mates.} Kb3 49. f5 c2 50. f6 Nc7 51. Nd4+ Kb4 52. Nxc2+ Kc5 53. Ke4 Kc6 54. Nd4+ Kd7 55. Kf5 Ke8 56. Ne6 Nd5 57. Kg6 Kd7 {[#]} 58. f7 $1 Kxe6 59. f8=Q {[%csl Ge5][%cal Rf8d6]} Kxe5 60. Qc5 {Weighted Error Value: White=0.14 (very precise) /Black=0.39} 1-0

[Event "TBMM Kupasi Prel 2022"]
[Site "Ankara"]
[Date "2022.03.19"]
[Round "4"]
[White "Sanal, Vahap"]
[Black "Aydin, Gulenay"]
[Result "1-0"]
[WhiteElo "2601"]
[BlackElo "2069"]
[Annotator "TA"]
[PlyCount "79"]
[EventDate "2022.03.17"]
[EventType "tourn"]
[EventCountry "TUR"]
[SourceTitle "playchess.com"]
[Source "ChessBase"]
[SourceQuality "1"]

{[%evp 9,79,4,25,-17,12,18,25,22,21,11,27,22,19,16,66,73,71,68,147,92,112,89,92,86,110,104,126,120,128,130,137,138,337,337,340,341,333,328,316,316,541,395,365,362,379,370,365,281,281,282,279,275,382,381,508,502,502,498,595,600,570,515,808,803,993,1006,1021,1014,1184,1184,1002,942]} 1. e4 c6 2. Nf3 d5 3. d3 dxe4 4. dxe4 Qxd1+ 5. Kxd1 Nf6 6. Nbd2 {B10: Caro-Kann: 2 d3 and 2 c4.} (6. Nfd2 {was preferrable.}) 6... g6 {6...g6 is better than 6...Bg4.} 7. Ne5 Bh6 8. f3 {White has an edge.} Be6 {[#]} 9. c3 $146 ({Predecessor:} 9. Ndc4 Bxc1 10. Kxc1 Nbd7 11. a4 a5 12. b3 Nxe5 13. Nxe5 Nd7 14. Nd3 f6 15. Kb2 {0-1 (40) Sanal,V (2601)-Grischuk,A (2764) Chess.com INT 2022}) 9... Nbd7 10. Nd3 Kd8 (10... a5 {with more complications.} 11. a4 Be3 12. Kc2 h5 13. h4 Nb6) 11. g3 Bxd2 ({Black should play} 11... Kc7 $11) 12. Bxd2 $14 Bc4 13. Kc2 e5 {[#]} ({Black should try} 13... Ne8 $14) 14. Be3 (14. Nxe5 $142 $1 {[%mdl 512]} Bxf1 15. Nxd7 (15. Nxf7+ Ke7 $16) 15... Bd3+ 16. Kxd3 Nxd7 17. Rhd1) 14... Re8 $16 15. b3 (15. a4 {feels hotter.} a5 16. Rd1 Kc7 17. b3 Be6 18. Be2) 15... Bxd3+ 16. Bxd3 Kc7 17. a4 {[%cal Ba2a4,Ba4a5][%mdl 32]} Nf8 18. Bc4 {White is more active.} Ne6 {Inhibits Bg5.} 19. a5 Re7 20. Rhd1 {Hoping for Bxe6.} Ne8 $2 {Loses the game.} (20... Rd7 $16 {might work better.} 21. b4 Rxd1 22. Rxd1 b6) 21. Bxe6 $18 Rxe6 {[#]} 22. Bb6+ $1 {[%mdl 512]} axb6 23. axb6+ {[%mdl 64] Discovered Attack} Kxb6 24. Rxa8 {[%mdl 4096] Endgame KRR-KRN} Nc7 $2 (24... Kc7 25. c4 Nd6) 25. Rh8 {And now Rd7 would win.} Rf6 26. Rd3 ({Don't take} 26. Rxh7 Rxf3 27. Rd7 Nb5 28. Rhxf7 Rxc3+ 29. Kd2 Rxb3 $18) 26... h5 27. b4 Ne6 28. h4 c5 29. bxc5+ Nxc5 30. Re3 Kb5 31. Re8 Ra6 32. Rxe5 {White is clearly winning.} Ra2+ 33. Kd1 Rg2 34. f4 Kc4 35. Rd5 Nb3 (35... Ra2 $142 36. Rd4+ Kb5) 36. Rd7 {[%csl LRb7,LRf7]} b5 37. Rxf7 Nc5 38. Rc7 b4 39. cxb4 Kd4 40. Re2 {Weighted Error Value: White=0.15 (very precise) /Black=0.44} 1-0

[Event "TBMM Kupasi Prel 2022"]
[Site "Ankara"]
[Date "2022.03.19"]
[Round "4"]
[White "Haznedaroglu, Kivanc"]
[Black "Ozturk Orenli, Kubra"]
[Result "1-0"]
[WhiteElo "2442"]
[BlackElo "2334"]
[Annotator "TA"]
[PlyCount "71"]
[EventDate "2022.03.17"]
[EventType "tourn"]
[EventCountry "TUR"]
[SourceTitle "playchess.com"]
[Source "ChessBase"]
[SourceQuality "1"]

{[%evp 9,71,-31,28,-1,10,-33,-39,-62,-52,-53,-56,-60,-52,-107,-58,-38,-30,-43,-35,-33,-20,-32,0,0,0,-16,-23,-39,-1,-21,-30,-28,0,0,0,0,7,6,12,0,-11,0,0,0,0,-1,0,0,0,0,0,-15,16,19,22,21,12,11,17,21,94,92,481,480]} 1. e4 e5 2. f4 d5 3. exd5 exf4 4. Nf3 Nf6 5. Bb5+ Nbd7 (5... c6 $15 6. dxc6 Nxc6) 6. Nc3 {C36: King's Gambit Accepted: 3 Nf3 d5.} Bd6 7. O-O (7. Qe2+ $11 Kf8 8. d4) 7... O-O $15 8. d4 {Black is slightly better.} Nb6 9. Ne5 Nbxd5 10. Nxd5 Nxd5 {[#]} 11. Qf3 $146 {[#]} (11. Bxf4 $15 Be6 12. Qh5) ({Predecessor:} 11. Nc4 Be7 12. Ba4 Be6 13. Ne5 c5 14. c4 Ne3 15. Bxe3 fxe3 16. d5 Bc8 17. Bc2 {0-1 (27) Gisler,M-Boschetti,C (2210) Chiasso 1991}) 11... Bxe5 (11... Be6 $1 $17 12. Bd3 (12. Bxf4 $2 Nxf4 13. Qxf4 f6 $19) 12... c5) 12. dxe5 c6 13. Bd3 Be6 14. Rf2 Qg5 15. Qe4 {[%csl Gd3][%cal Re4h7]} g6 16. c4 Bf5 17. Qd4 Ne3 ({Don't take} 17... Bxd3 18. cxd5 Bf5 19. d6 $16 (19. Bxf4 Qh4 $18)) 18. Bxf5 Nxf5 19. Qe4 Rad8 {Threatens to win with ...Rd1+.} 20. Bxf4 Qg4 21. h3 Qh4 22. e6 {Black must now prevent g4.} Qe7 23. exf7+ Rxf7 24. Re1 Qxe4 25. Rxe4 Rd1+ 26. Kh2 Nd6 {To avoid Re8+} 27. Re6 {[#]} g5 $1 28. Rd2 (28. Bg3 Nxc4) 28... Rxd2 29. Bxd2 Nxc4 30. Bxg5 $11 {[%mdl 4096] Endgame KRB-KRN} Rd7 31. b3 Nd6 32. h4 Kf7 33. Rf6+ Kg7 34. Rf4 h6 (34... Nb5 $11 {keeps the balance.}) 35. Bf6+ $16 Kh7 $2 {[%mdl 8192] [#]} (35... Kg8 $16 {is a better chance.}) 36. Rd4 $1 {Weighted Error Value: White=0.09 (flawless) /Black=0.39} 1-0

[Event "TBMM Kupasi Prel 2022"]
[Site "Ankara"]
[Date "2022.03.19"]
[Round "4"]
[White "Can, Isik"]
[Black "Yarar, Bora"]
[Result "1-0"]
[WhiteElo "2426"]
[BlackElo "2424"]
[Annotator "TA"]
[PlyCount "57"]
[EventDate "2022.03.17"]
[EventType "tourn"]
[EventCountry "TUR"]
[SourceTitle "playchess.com"]
[Source "ChessBase"]
[SourceQuality "1"]

{[%evp 20,57,54,45,37,47,52,39,29,24,60,54,77,61,61,61,111,125,115,125,81,57,158,170,216,222,352,316,667,582,564,572,945,907,1796,1694,1618,1546,1608,1439]} 1. e4 e6 2. d4 d5 3. Nd2 Nf6 4. e5 Nfd7 5. Ngf3 c5 6. c3 Nc6 7. Bd3 cxd4 8. cxd4 f6 9. exf6 Nxf6 10. O-O Bd6 11. b3 O-O {C06: French Tarrasch: 3...Nf6 4 e5 Nfd7 5 Bd3 main lines.} 12. Bb2 Bd7 13. Ne5 Be8 {[#] White is slightly better.} 14. Qf3 $146 ({Predecessor:} 14. f4 Qb6 15. Kh1 Nxd4 16. Ndc4 dxc4 17. Bxd4 Bc5 18. Bxc5 Qxc5 19. Bxc4 Nd5 20. Rc1 Rd8 21. Qg4 Qe7 22. Rce1 b5 23. Bd3 Rf6 24. Qg3 Bh5 25. Nc6 Qe8 {1-0 (25) Perez Mitjans,O (2457)-Gleizerov,E (2493) Madrid 2015}) 14... Nh5 15. Qh3 Qf6 16. f4 {aiming for g4.} g6 17. g3 {[%cal Bg2g3,Bg3g4][%mdl 32] White is more active.} Qe7 (17... Nxe5 $14 18. dxe5 (18. fxe5 Qg5 $16) 18... Bc5+ 19. Kg2 Qe7) 18. Ndf3 $16 Nb4 19. Bb1 $1 Rc8 ({Black should play} 19... Nc6) 20. Rf2 Ng7 {[#]} ({Black should try} 20... Nc6 $1 $14) 21. Ng5 $1 $36 {[%csl Gg5][%cal Rh3h7][%mdl 2048] White is on the roll.} ({Much less strong is} 21. a3 $6 Nc6 $16) 21... Nf5 {[#]} 22. g4 $1 Nxd4 (22... h6 {might work better.}) 23. Bxd4 $18 Rxf4 $2 (23... Nc6 24. Nxc6 bxc6) 24. Rxf4 {White is clearly winning.} Qxg5 25. Qe3 {[%cal Of4f8] Black must now prevent Rf8+!} Nc6 {[%cal Rd6e5] [#]} 26. Rf8+ $1 {[%mdl 512]} Kxf8 (26... Bxf8 27. Qxg5) 27. Qxg5 {Intending Qf6+ and mate.} Nxd4 28. Bd3 Bxe5 29. Rf1+ {Weighted Error Value: White=0.03 (flawless) /Black=0.55} 1-0

[Event "TBMM Kupasi Prel 2022"]
[Site "Ankara"]
[Date "2022.03.19"]
[Round "4"]
[White "Gurel, Ediz"]
[Black "Okuyaz, Duru"]
[Result "1-0"]
[WhiteElo "2380"]
[BlackElo "2094"]
[Annotator "TA"]
[PlyCount "57"]
[EventDate "2022.03.17"]
[EventType "tourn"]
[EventCountry "TUR"]
[SourceTitle "playchess.com"]
[Source "ChessBase"]
[SourceQuality "1"]

{[%evp 12,57,28,20,8,7,21,19,17,16,32,32,18,14,14,-65,-55,-78,-78,-97,-96,-124,6,6,87,12,34,36,26,12,32,33,81,64,161,170,158,164,495,489,1451,1448,1447,1443,1397,1345,1079,883]} 1. e4 e6 2. d4 d5 3. Nd2 dxe4 4. Nxe4 Nd7 5. Bd3 Ngf6 6. Qe2 Nxe4 7. Bxe4 c5 {C10: French with 3 Nc3: Unusual Black 3rd moves and 3...dxe4.} 8. Nf3 cxd4 9. O-O Nf6 {The position is equal.} 10. Rd1 Nxe4 11. Qxe4 Be7 12. Rxd4 Qb6 {[#]} 13. Bg5 $146 (13. Ne5 $11) ({Predecessor:} 13. a4 O-O 14. a5 Qc6 15. Qd3 f6 16. Rh4 g6 17. Rc4 Qe8 18. Bh6 Rf7 19. Nh4 {½-½ (66) Audi,A (2418)-Gorshtein,I (2456) Novi Sad 2022}) 13... f6 $15 14. Be3 Qxb2 15. Rad1 O-O ({But not} 15... Qxa2 $6 16. Ra4 f5 17. Qd4 $15) 16. Rc4 f5 ({Black should try} 16... Qxa2 $17 {Strongly threatening ...Rd8.} 17. Ra4 f5 $1 18. Rxa2 fxe4) 17. Qd3 $1 $11 Bf6 (17... h6 $11 {remains equal.}) 18. Rc7 ({Better is} 18. Bc5 $16 Re8 19. Bd4 Bxd4 20. Rxd4) 18... Qxa2 19. Bc5 Qa5 $1 (19... Re8 $2 20. Qb5 Bd7 21. Qxd7 $18) 20. Qd6 {[%csl Gc5][%cal Rd6f8]} Re8 21. Bd4 {Intending Bxf6 and mate.} Bxd4 (21... e5 $1 $14 22. Ra1 Qxc7 23. Qxc7 exd4) 22. Nxd4 $16 e5 (22... f4 $1 $14) 23. Nb3 $40 {[%mdl 128] Black is in trouble.} Qb6 {[#] ...Qxd6 is the strong threat.} 24. Qxe5 {[%cal Re5e8] White is much more active. Black has bad knights.} Qg6 (24... Bd7 25. Qc3 (25. Qg3 f4 $11) 25... Re2) 25. Rxg7+ $1 {White is clearly winning.} Kf8 {[#]} (25... Qxg7 $142 26. Qxe8+ Qf8) 26. Rd8 $1 {[%csl Gg7][%cal Re5e7][%mdl 512]} Qe6 {[#] Prevents Qe7+.} 27. Rg8+ $3 {[%mdl 512]} Kxg8 28. Rxe8+ Kf7 29. Qxe6+ {Weighted Error Value: White=0.20 (precise) /Black=0.47} 1-0

[Event "TBMM Kupasi Prel 2022"]
[Site "Ankara"]
[Date "2022.03.19"]
[Round "4"]
[White "Caglar, Sila"]
[Black "Gokerkan, Cem Kaan"]
[Result "0-1"]
[WhiteElo "2200"]
[BlackElo "2445"]
[Annotator "TA"]
[PlyCount "48"]
[EventDate "2022.03.17"]
[EventType "tourn"]
[EventCountry "TUR"]
[SourceTitle "playchess.com"]
[Source "ChessBase"]
[SourceQuality "1"]

{[%evp 9,48,28,74,61,75,82,69,66,66,-1,0,0,0,0,0,-162,-157,-200,-213,-200,-230,-218,-197,-234,-227,-362,-345,-565,-322,-314,-322,-383,-391,-545,-537,-496,-359,-361,-368,-425,-418]} 1. e4 e6 2. d4 d5 3. Bd3 c5 4. exd5 Qxd5 5. Nc3 Qxd4 (5... Qd8 $1 $11) 6. Nb5 $16 {C01: French: Exchange Variation.} Qd8 7. Bf4 {[%mdl 1024] [#] aiming for Nc7+. White has strong compensation.} Na6 {Prevents Nc7+.} 8. Qf3 {White is slightly better.} Qb6 9. Ne2 (9. O-O-O $1 $14) 9... Bd7 $11 10. Nec3 {Qg3 is the strong threat.} Nf6 11. O-O-O Be7 {[#]} 12. g4 $146 {[#]} (12. a3 $11 {and White is okay.}) ({Predecessor:} 12. Rhe1 O-O 13. g4 e5 14. Bxe5 Bxg4 15. Qg3 Bxd1 16. Nd5 Nh5 17. Nxe7+ Kh8 18. Qh3 c4 19. Bxc4 Rad8 20. Rxd1 Qh6+ 21. f4 f6 22. Rxd8 Rxd8 23. Nd6 {1-0 (23) Pluhar,A (1875)-Mayer,I (1881) Hungary 2019}) 12... Bc6 $19 13. Qh3 (13. Qe3 $17) 13... Bxh1 14. Rxh1 c4 15. Bxc4 O-O (15... Qxf2 16. Be3 Nxg4 17. Bxf2 Nxf2 18. Qg2 Nxh1 19. Qxb7 Bg5+ 20. Kb1 $18) 16. Rd1 Rfd8 ({Don't play} 16... Qxf2 17. Be3 Nxg4 18. Bxf2 Nxf2 19. Qe3 Nxd1 20. Nxd1 $16 (20. Kxd1 Rfd8+ 21. Kc1 Nc5 $16)) 17. Bd3 (17. Rxd8+ $142 Rxd8 18. Qf3) 17... Nb4 ({Don't take} 17... Qxf2 18. Be3 Qxe3+ 19. Qxe3 $18) 18. Bc7 $2 (18. Be3 Nxd3+ 19. cxd3) 18... Nxd3+ 19. cxd3 Qxf2 20. Bxd8 Rxd8 21. Kb1 a6 22. g5 axb5 23. gxf6 Bxf6 24. Rf1 Qd4 {Black took control after the opening.  Weighted Error Value: White=0.59/Black=0.34} 0-1

[Event "TBMM Kupasi Prel 2022"]
[Site "Ankara"]
[Date "2022.03.19"]
[Round "5"]
[White "Gokerkan, Cem Kaan"]
[Black "Yilmaz, Mustafa"]
[Result "1/2-1/2"]
[WhiteElo "2445"]
[BlackElo "2627"]
[Annotator "TA"]
[PlyCount "20"]
[EventDate "2022.03.17"]
[EventType "tourn"]
[EventCountry "TUR"]
[SourceTitle "playchess.com"]
[Source "ChessBase"]
[SourceQuality "1"]

{[%evp 16,20,0,0,0,0,0]} 1. e4 e5 2. Nf3 Nf6 3. d4 Nxe4 4. Bd3 d5 5. Nxe5 Nd7 6. Nxf7 Kxf7 7. Qh5+ Ke6 8. Qg4+ Kf7 9. Qh5+ {[#]} ({Wrong is} 9. Bxe4 $2 Nf6 10. Qd1 dxe4 $19) 9... Ke6 $146 {[#] ...Ndf6 is the strong threat. C43: Petroff Defence: 3 d4.} ({Predecessor:} 9... Ke7 10. Qe2 Kf7 {½-½ (10) Bao,Q (2430)-Xu,M (2317) Hangzhou 2018}) 10. Qg4+ Kf7 {An interesting draw.} 1/2-1/2

[Event "TBMM Kupasi Prel 2022"]
[Site "Ankara"]
[Date "2022.03.19"]
[Round "5"]
[White "Yarar, Bora"]
[Black "Sanal, Vahap"]
[Result "0-1"]
[WhiteElo "2424"]
[BlackElo "2601"]
[Annotator "TA"]
[PlyCount "66"]
[EventDate "2022.03.17"]
[EventType "tourn"]
[EventCountry "TUR"]
[SourceTitle "playchess.com"]
[Source "ChessBase"]
[SourceQuality "1"]

{[%evp 11,66,0,0,-8,-11,-10,0,0,0,0,0,0,-9,-19,0,-14,0,-8,-11,-12,-7,-31,-35,-36,-28,-33,-29,-37,-14,-70,-17,-38,-14,-28,0,-53,-54,-59,-50,-53,-31,-38,-36,-42,-43,-85,-86,-84,-83,-177,-160,-208,-199,-208,-196,-194,-168]} 1. e4 e5 2. Nf3 Nc6 3. Bc4 Bc5 4. c3 Nf6 {[%cal Bg8f6,Bf6e4,Be4d2][%mdl 32]} 5. d4 exd4 6. cxd4 Bb4+ 7. Nbd2 {C54: Giuoco Piano: 4 c3 Nf6, main lines with 5 d4 and 5 d3.} Nxe4 {Black wants to play ...d5.} 8. d5 {[#] Hoping for 0-0.} Ne7 9. O-O {The position is equal.} Nxd2 10. Nxd2 {is currently scoring better than 10.Bxd2.} O-O {[%cal Ob7b5]} 11. a3 Bxd2 12. Bxd2 {[%cal Od5d6]} d6 13. Rc1 Bd7 14. Re1 Ng6 {[#]} 15. Ba2 $146 ({Predecessor:} 15. Bc3 Re8 16. Qd4 f6 17. h4 Re5 18. g3 Qf8 19. Kg2 b6 20. Ba6 Rxe1 21. Bxe1 {0-1 (36) So,W (2778)-Maghsoodloo,P (2701) Chess.com INT 2022}) 15... Rc8 16. Bc3 Qg5 17. Bd2 Qf6 18. Qb3 b6 19. Qc3 Qh4 20. Re3 (20. Bc4 $11) 20... Ne5 (20... c5 $15) 21. Rg3 f6 22. Bb1 Rfe8 23. Re1 ({White should try} 23. f4 $11 Ng6 24. Qf3) 23... Nc4 24. Be3 Nxe3 25. Rgxe3 Rxe3 $40 {[%mdl 128] Black has some attack.} 26. Rxe3 Qh5 27. Bc2 Kf8 (27... Qxd5 $2 28. Bb3 Qxb3 29. Qxb3+ $18) 28. h3 (28. Be4 $15) 28... Qxd5 $17 29. Bxh7 Qc5 30. Qd3 {[#]} (30. Qd2 $17) 30... Re8 $1 $19 {Black is clearly better.} ({Weaker is} 30... Qc1+ 31. Kh2 Re8 32. Qd5 Rxe3 33. fxe3 Qxb2 34. Qg8+ Ke7 35. Qxg7+ Kd8 36. Qh8+ Be8 37. h4 $15) 31. Rxe8+ (31. b4 $17 Rxe3 32. fxe3) 31... Bxe8 32. b4 Qc1+ 33. Kh2 Qf4+ {Weighted Error Value: White=0.18 (very precise) /Black=0.08 (flawless)} 0-1

[Event "TBMM Kupasi Prel 2022"]
[Site "Ankara"]
[Date "2022.03.19"]
[Round "5"]
[White "Ozen, Deniz"]
[Black "Haznedaroglu, Kivanc"]
[Result "1/2-1/2"]
[WhiteElo "2397"]
[BlackElo "2442"]
[Annotator "TA"]
[PlyCount "19"]
[EventDate "2022.03.17"]
[EventType "tourn"]
[EventCountry "TUR"]
[SourceTitle "playchess.com"]
[Source "ChessBase"]
[SourceQuality "1"]

{[%evp 18,19,11,0]} 1. d4 d5 2. c4 c6 3. cxd5 cxd5 4. Nc3 Nf6 5. Nf3 Nc6 6. Bf4 {[#]} Nh5 $146 ({Predecessor:} 6... Bf5 7. Qb3 Na5 8. Qa4+ Bd7 9. Qc2 e6 10. e3 Rc8 11. Bd3 Bb4 12. O-O Nh5 13. Ne5 Nxf4 14. exf4 g6 15. Qe2 O-O 16. a3 Bxc3 17. bxc3 {0-1 (59) Swiercz,D (2656)-Van Foreest,J (2702) Chess.com INT 2022}) 7. Bc1 Nf6 8. Bf4 Nh5 9. Bc1 Nf6 10. Bf4 {10.e3 is the modern continuation.} 1/2-1/2